| 000 | 01386agaaa2200277 4500 | ||
|---|---|---|---|
| 001 | 7424 | ||
| 003 | IT-RoPAU | ||
| 005 | 20220918181308.0 | ||
| 007 | d cvaizq | ||
| 008 | 50131s9999||||xx ||| | || ||und|| | ||
| 040 |
_aIT-RoPAU _cIT-RoPAU |
||
| 041 | _aITALIANO | ||
| 100 |
_aMonge Attilio _gCodice regista SPICS: 3643 _955285 |
||
| 130 |
_aSANTA MESSA DALLA BASILICA DI SAN MARCO IN MILANO (RAI, 24 GENNAIO 1993) _955286 |
||
| 245 |
_aSANTA MESSA DALLA BASILICA DI SAN MARCO IN MILANO (RAI, 24 GENNAIO 1993) _cDiretto da: Monge Attilio _pSANTA MESSA DALLA BASILICA DI SAN MARCO IN MILANO (RAI, 24 GENNAIO 1993) (Rif. Codice opera principale : B7424) |
||
| 250 | _aEdizione Standard | ||
| 260 |
_aROMA (ITALIA) _bRAI - RADIO TELEVISIONE ITALIANA / Distribuzione: RAI _g"1993 (1° ed.: 1993 ; Ed. Lingua Orig.: 1993)" |
||
| 300 |
_aVHS _bsonoro, col. _c80 minuti |
||
| 511 | _a"Celebrante:; Cardinal; Carlo; Maria; Martini" | ||
| 520 | _aSANTA MESSA DALLA BASILICA DI SAN MARCO IN MILANO. CELEBRA IL CARDINALE CARLO MARIA MARTINI. 24 GENNAIO 1993 SAN FRANCESCO DI SALES PATRONO DELL'INFORMAZIONE. INTERVENTO DI JOAQUIM NAVARRO IN CHIUSURA. | ||
| 538 | _aPAL, STEREO | ||
| 546 | _aITALIANO | ||
| 650 |
_aRELIGIOSO _eTV-PROGRAMMI RELIGIOSI [VHS] _xCodice MATERIA SPICS: 9963 _955287 |
||
| 700 |
_aMonge Attilio _e(regista) _gCodice regista SPICS: 3643 _955288 |
||
| 942 |
_cVH _2ddc |
||
| 999 |
_c108320 _d108320 |
||